00466nam a22001097a 4500003000400000082001700004100002000021245024000041260004900281300000700330650001900337SGT a617.69bC24G aGosain, Nishtha aA comparative evaluation of the level of interproximal papilla and gingival esthetics around immediate loaded implants placed in maxillary and mandibular esthetic zone with two different provisionalization techniquesbAn In-Vivo study aSGT UniversitybDept. of Prosthodontisc2024 a90 aProsthodontics